Els Cicles vitals : adolescència, maternitat i menopausa / realització del treball: Pilar Aramburu ... [et al.] ; col·laboració: Iolanda Aixelà adolescència, maternitat i menopausa / realització del treball:
Descripción Física:
51, 51 p. ; 20 cm
MARC
| LEADER | 00000nam a2200000Ia 4500 | ||
|---|---|---|---|
| 001 | 12226 | ||
| 008 | 160829s1999 xx 000 0 cat d | ||
| 080 | |a C-1-585 | ||
| 245 | |a Els Cicles vitals : |b adolescència, maternitat i menopausa / realització del treball: |b Pilar Aramburu ... [et al.] ; col·laboració: |b Iolanda Aixelà | ||
| 260 | |a Barcelona : |b Diputació de Barcelona. Àrea de Serveis Socials, |c 1999 | ||
| 300 | |a 51, 51 p. ; |c 20 cm | ||
| 590 | |a Text en català i àrab | ||
| 650 | |a Adolescència |9 31741 | ||
| 650 | |a Maternitat |9 31742 | ||
| 650 | |a Menopausa I |9 31743 | ||
| 650 | 0 | |a Educació sexual |9 22139 | |
| 700 | |a Aramburu, Pilar |9 23687 | ||
| 700 | |a Aixelà, Iolanda |9 31745 | ||
| 710 | |a Barcelona (Catalunya : Província). |b Àrea de Serveis Socials |9 53159 | ||
| 901 | |a Arxiu | ||
| 942 | |n 1 | ||
| 952 | |0 0 |1 0 |4 0 |6 C1585 |7 1 |9 45744 |a Arxiu |b Arxiu |d 2016-12-01 |l 0 |o C-1-585 |p 12226 |r 2016-12-01 00:00:00 |w 2016-12-01 |y ARXIU | ||
| 999 | |c 49244 |d 49244 | ||